Provinces of the Empire of Alexander the Great with a Map - Statistics

General Stats
  • This quiz has been taken 2,675 times
  • The average score is 13 of 30
Answers on the Map
Answers color-coded by a green-red scale on the quiz's map according to % correct below.
 
Answer Stats
Provinces % Correct
Egypt
97%
Macedon
95%
Persis
83%
Syria
75%
Armenia
71%
Babylonia
63%
Phoenicia
56%
Assyria
54%
India
54%
Bactria
52%
Cappadocia
52%
Lydia
49%
Media
49%
Cyrene
46%
Parthia
45%
Cilicia
42%
Greater Phrygia
37%
Lesser Phrygia
37%
Susa
32%
League of Corinth
28%
Sogdia
28%
Caria
23%
Gedrosia
16%
Arachosia
15%
Mysia
15%
Aria
14%
Carmania
14%
Drangiana
7%
Parapamisadae
7%
Sattagydia
4%
No matching quizzes found
Score Distribution
Percent of People with Each Score
Percentile by Number Answered
Your Score History
You have not taken this quiz